000 01835nam a22004097a 4500
001 12576164
003 OSt
005 20210426064305.0
008 011031s2002 nyu b 001 0 eng
010 _a 2001055027
020 _a0684848708
040 _aDLC
_cDLC
_dDLC
043 _an-us---
050 0 0 _aKF4541
_b.S53 2002
080 _a94
_bS-61
082 0 0 _a342.73/029
_221
100 1 _aSimon, James F.
245 1 0 _aWhat kind of nation :
_bThomas Jefferson, John Marshall, and the epic struggle to create a United States /
_cJames F. Simon.
260 _aNew York :
_bSimon & Schuster,
_cc2002.
300 _a348 p. ;
_c23 cm.
365 _a27.50 USD
504 _aIncludes bibliographical references (p. [303]-325) and index.
600 1 0 _aJefferson, Thomas,
_d1743-1826.
600 1 0 _aMarshall, John,
_d1755-1835.
610 1 0 _aUnited States.
_bSupreme Court
_xHistory.
650 0 _aConstitutional history
_zUnited States.
650 0 _aPolitical questions and judicial power
_zUnited States
_xHistory.
650 0 _aExecutive power
_zUnited States
_xHistory.
651 0 _aUnited States
_xPolitics and government
_y1783-1809.
653 _aისტორია
856 4 2 _3Contributor biographical information
_uhttp://www.loc.gov/catdir/bios/simon051/2001055027.html
856 4 2 _3Publisher description
_uhttp://www.loc.gov/catdir/description/simon033/2001055027.html
856 4 1 _3Table of contents only
_uhttp://www.loc.gov/catdir/enhancements/fy0705/2001055027-t.html
906 _a7
_bcbc
_corignew
_d1
_eocip
_f20
_gy-gencatlg
942 _2udc
_cBK
999 _c1450
_d1450